| 000 | 00950cam a2200289 4500 | ||
|---|---|---|---|
| 008 | 090401t1994 xxu||||| |||| 00| 0 eng d | ||
| 020 | _a0727720163 | ||
| 035 | _a(Sirsi) u25670 | ||
| 041 | _aeng | ||
| 050 | _a333.73 | ||
| 100 | _aHarris, Mary | ||
| 245 | _aContaminated land: investigation, assessment and remediation. | ||
| 260 |
_aLondon _bThomas Telford _c1994 |
||
| 300 | _a77p. : ill. ; 30cm. | ||
| 350 | _a12.5 | ||
| 490 | _aICE Design and Practice Guide | ||
| 520 | _aConcentrates on the chemical contamination of land and water, its impact on the environment and human health and the problems associated with redevelopment. | ||
| 520 | _aSuperseded by 2nd edition (ISBN 9780727734822). | ||
| 650 | _aCONTAMINATED LAND | ||
| 650 | _aRISK ASSESSMENT | ||
| 650 | _aSITE INVESTIGATION | ||
| 690 | _aLAND | ||
| 700 | _aHerbert, Sue | ||
| 710 |
_aInstitution of Civil Engineers _91402 |
||
| 942 | _n0 | ||
| 948 | _c04/03/1997 | ||
| 999 |
_c88776 _d88776 |
||